Geography by Numbers VII Quiz Stats

 Plays Quiz Updated Jun 23, 2016

Challenge
Share
Tweet
Embed
Score 0/55 Timer 06:00
0 Plays Today
Hint Answer % Correct
10 Countries with Highest PopulationChina
98.5%
10 Countries with Highest PopulationUnited States
97.3%
10 Countries with Highest PopulationIndia
96.1%
7 European Colonial Powers in AfricaUnited Kingdom
92.7%
7 European Colonial Powers in AfricaFrance
92.6%
10 Countries with Highest PopulationRussia
90.8%
7 European Colonial Powers in AfricaGermany
89.7%
2 Korean Capitals (North and South)Seoul
88.2%
7 European Colonial Powers in AfricaSpain
87.1%
6 Countries Bordering LibyaEgypt
85.2%
10 Countries with Highest PopulationBrazil
84.1%
7 European Colonial Powers in AfricaPortugal
82.1%
9 Countries Beginning with LLithuania
81.1%
9 Countries Beginning with LLatvia
80.4%
7 European Colonial Powers in AfricaItaly
79.7%
9 Countries Beginning with LLaos
76.5%
6 Countries Bordering LibyaAlgeria
75.9%
9 Countries Beginning with LLibya
75.9%
10 Countries with Highest PopulationIndonesia
75.4%
10 Countries with Highest PopulationJapan
75.3%
3 World Capitals Starting with OOslo
72.7%
6 Countries Bordering LibyaNiger
72.6%
5 Longest Rivers Running through GermanyRhine
72.4%
2 Korean Capitals (North and South)Pyongyang
72%
9 Countries Beginning with LLiberia
71.7%
9 Countries Beginning with LLuxembourg
70.9%
6 Countries Bordering LibyaTunisia
70.8%
6 Countries Bordering LibyaSudan
70.5%
Hint Answer % Correct
7 European Colonial Powers in AfricaBelgium
69.5%
6 Countries Bordering LibyaChad
69.3%
9 Countries Beginning with LLiechtenstein
67.5%
9 Countries Beginning with LLesotho
65.5%
10 Countries with Highest PopulationNigeria
62.9%
5 Longest Rivers Running through GermanyDanube
62.8%
10 Countries with Highest PopulationPakistan
62.6%
4 Blue and Yellow Flag CountriesSweden
61.8%
9 Countries Beginning with LLebanon
58.2%
10 Countries with Highest PopulationBangladesh
54%
8 Two-Word State Capitals (U.S)Carson City
52.2%
8 Two-Word State Capitals (U.S)Baton Rouge
51.7%
8 Two-Word State Capitals (U.S)Oklahoma City
50.9%
1 Alternative Name for Ayers RockUluru
47%
3 World Capitals Starting with OOttawa
46.2%
8 Two-Word State Capitals (U.S)Jefferson City
46.1%
8 Two-Word State Capitals (U.S)Little Rock
44.3%
8 Two-Word State Capitals (U.S)Santa Fe
43.8%
8 Two-Word State Capitals (U.S)Des Moines
43.5%
8 Two-Word State Capitals (U.S)Saint Paul
42.3%
4 Blue and Yellow Flag CountriesUkraine
41.4%
3 World Capitals Starting with OOuagadougou
24.9%
5 Longest Rivers Running through GermanyElbe
21.7%
4 Blue and Yellow Flag CountriesKazakhstan
16.4%
5 Longest Rivers Running through GermanyOder
13.3%
4 Blue and Yellow Flag CountriesPalau
11%
5 Longest Rivers Running through GermanyMoselle
8.2%

You're not logged in!

Compare scores with friends on all Sporcle quizzes.
OR
Log In

You Might Also Like...

Show Comments

Extras

Top Quizzes Today


Score Distribution

Your Account Isn't Verified!

In order to create a playlist on Sporcle, you need to verify the email address you used during registration. Go to your Sporcle Settings to finish the process.

Report this User

Report this user for behavior that violates our Community Guidelines.

Details: